[Event "FISU World University-ch 2020"]
[Site "Online"]
[Date "2020.10.26"]
[Round "9.5"]
[White "Senthil Maran K"]
[Black "Pang, Tao"]
[Result "0-1"]
[WhiteElo "2246"]
[BlackElo "2427"]
[Annotator "NA"]
[PlyCount "70"]
[EventDate "2020.10.26"]
[SourceTitle "playchess.com"]
[Source "ChessBase"]
[SourceQuality "1"]

1. d4 d5 2. c4 e6 3. Nf3 Nf6 4. g3 dxc4 5. Bg2 a6 6. Ne5 Bb4+ 7. Nc3 Nd5 8. Bd2 b5 9. O-O Bxc3 10. bxc3 O-O 11. a4 f6 12. Ng4 Bb7 13. e4 Nb6 14. a5 N6d7 15. Qe2 c5 16. d5 exd5 17. exd5 f5 18. Qe6+ Kh8 19. Ne5 Nxe5 20. Qxe5 Nd7 21. Qd6 Nf6 22. Qxc5 Bxd5 23. Rad1 Bxg2 24. Bg5 Qxa5 25. Kxg2 Ne4 26. Qe3 Qxc3 27. Qf4 Nxg5 28. Qxg5 Qf6 29. Qf4 Rad8 30. Rfe1 Rxd1 31. Rxd1 c3 32. Rd6 Qf7 33. Qd4 c2 34. Rd7 Qxd7 35. Qd6 Qxd6 0-1

[Event "FISU World University-ch 2020"]
[Site "Online"]
[Date "2020.10.26"]
[Round "9.5"]
[White "Varshini, V."]
[Black "Wang, Zihao"]
[Result "1-0"]
[WhiteElo "2226"]
[BlackElo "1811"]
[Annotator "NA"]
[PlyCount "75"]
[EventDate "2020.10.26"]
[SourceTitle "playchess.com"]
[Source "ChessBase"]
[SourceQuality "1"]

1. e4 c5 2. Nc3 a6 3. Nge2 d6 4. d4 cxd4 5. Nxd4 Nf6 6. Be2 e5 7. Nb3 Be7 8. Be3 O-O 9. O-O Nbd7 10. a4 b6 11. f4 Bb7 12. Bd3 Qc7 13. Kh1 Nc5 14. Nxc5 dxc5 15. Qe2 Bd6 16. f5 c4 17. Bxc4 Nxe4 18. Nxe4 Bxe4 19. f6 g6 20. Bh6 Rfc8 21. Bxf7+ Kxf7 22. Qxe4 Qc6 23. Qg4 Rc7 24. Rad1 Rd8 25. c3 Qc4 26. Qh3 Qxa4 27. Be3 h5 28. Bxb6 Qb5 29. Bxc7 Bxc7 30. Qf3 Re8 31. Qd5+ Qxd5 32. Rxd5 Ke6 33. Rc5 Bd6 34. Rc6 Kd7 35. Rxa6 e4 36. f7 Rb8 37. Rxd6+ Kxd6 38. f8=Q+ 1-0

[Event "FISU World University-ch 2020"]
[Site "Online"]
[Date "2020.10.26"]
[Round "9.5"]
[White "Lin, Peisen"]
[Black "Srija, Seshadri"]
[Result "1-0"]
[WhiteElo "1965"]
[BlackElo "2219"]
[Annotator "ChessBase"]
[PlyCount "125"]
[EventDate "2020.10.26"]
[SourceTitle "playchess.com"]
[Source "ChessBase"]
[SourceQuality "1"]

1. e4 e5 2. Nf3 Nc6 3. Bb5 g6 4. O-O Bg7 5. c3 Nge7 6. d4 exd4 7. cxd4 a6 8. Ba4 b5 9. Bb3 d6 10. h3 O-O 11. Nc3 h6 12. Be3 Na5 13. Bc2 Nc4 14. Bc1 c5 15. b3 Na5 16. Bb2 Nac6 17. d5 Nb4 18. Bb1 a5 19. Qd2 Bd7 20. a3 Na6 21. Bd3 c4 22. bxc4 Nc5 23. Rab1 b4 24. Nb5 f5 25. Bxg7 Kxg7 26. Nxd6 bxa3 27. Qc3+ Kh7 28. e5 a2 29. Ra1 Rb8 30. Bc2 Ne4 31. Nxe4 fxe4 32. Bxe4 Rf4 33. Nd2 Nf5 34. g3 Qg5 35. Kh1 a4 36. gxf4 Qxf4 37. Rxa2 Rb3 38. Nxb3 Qxe4+ 39. f3 Qh4 40. e6 Qxh3+ 41. Kg1 axb3 42. Qxb3 Ng3 43. Rg2 Qh1+ 44. Kf2 Qxf1+ 45. Kxg3 Qe1+ 46. Kf4 Be8 47. Qd3 Kg7 48. Qd4+ Kh7 49. Qe3 g5+ 50. Ke4 Bg6+ 51. Kd4 Qa1+ 52. Qc3 Qa7+ 53. c5 Qg7+ 54. Kc4 Qa7 55. Rb2 Qa4+ 56. Rb4 Qa2+ 57. Kd4 Qh2 58. Rb7+ Kg8 59. c6 Qd6 60. c7 Qf4+ 61. Kc5 Qf8+ 62. Kb6 Qd6+ 63. Ka7 1-0

[Event "FISU World University-ch 2020"]
[Site "Online"]
[Date "2020.10.26"]
[Round "9.5"]
[White "Ma, Xinyi"]
[Black "Muthaiah AL"]
[Result "0-1"]
[WhiteElo "1206"]
[BlackElo "2400"]
[Annotator "NA"]
[PlyCount "72"]
[EventDate "2020.10.26"]
[SourceTitle "playchess.com"]
[Source "ChessBase"]
[SourceQuality "1"]

1. e4 c5 2. Nc3 Nc6 3. f4 g6 4. g3 Bg7 5. Bg2 d6 6. d3 e6 7. Nf3 Nge7 8. O-O O-O 9. Be3 Nd4 10. Bf2 Nec6 11. Rb1 Bd7 12. Ne2 Nxf3+ 13. Bxf3 Nd4 14. Bg2 Qa5 15. a3 Qa4 16. Nxd4 cxd4 17. Re1 Rac8 18. Rc1 e5 19. f5 Bh6 20. Rb1 Qxc2 21. Qxc2 Rxc2 22. g4 Bb5 23. Red1 Be3 24. Bxe3 dxe3 25. Re1 Bxd3 26. Rbd1 Be2 27. Rxd6 Rfc8 28. Bf1 Bxf1 29. Kxf1 Rf2+ 30. Kg1 Rxb2 31. Rd3 Rcc2 32. f6 h5 33. gxh5 Rg2+ 34. Kh1 Rxh2+ 35. Kg1 Rbg2+ 36. Kf1 e2+ 0-1

[Event "FISU World University-ch 2020"]
[Site "Online"]
[Date "2020.10.26"]
[Round "9.6"]
[White "Nikitenko, Mihail"]
[Black "Sandoval Mercado, Carlos"]
[Result "1/2-1/2"]
[WhiteElo "2436"]
[BlackElo "2298"]
[Annotator "NA"]
[PlyCount "63"]
[EventDate "2020.10.26"]
[SourceTitle "playchess.com"]
[Source "ChessBase"]
[SourceQuality "1"]

1. c4 Nf6 2. g3 g6 3. Bg2 Bg7 4. Nc3 c5 5. e4 Nc6 6. Nge2 O-O 7. O-O Ne8 8. d3 Nc7 9. Be3 Ne6 10. Qd2 Ned4 11. Bh6 d6 12. Bxg7 Kxg7 13. f4 f5 14. Rae1 Rb8 15. Nxd4 Nxd4 16. Ne2 e5 17. Nxd4 exd4 18. h3 b5 19. exf5 gxf5 20. b3 bxc4 21. dxc4 Bb7 22. Re6 Rf6 23. Rfe1 Rxe6 24. Rxe6 Bxg2 25. Qxg2 Qd7 26. Qd5 Re8 27. Rxd6 Re1+ 28. Kf2 Qe7 29. Rd7 Re2+ 30. Kf1 Re1+ 31. Kf2 Re2+ 32. Kf1 1/2-1/2

[Event "FISU World University-ch 2020"]
[Site "Online"]
[Date "2020.10.26"]
[Round "9.6"]
[White "Gracia Alvarez, Gerardo An"]
[Black "Zarubitski, Viachaslau"]
[Result "0-1"]
[WhiteElo "2308"]
[BlackElo "2442"]
[Annotator "ChessBase"]
[PlyCount "90"]
[EventDate "2020.10.26"]
[SourceTitle "playchess.com"]
[Source "ChessBase"]
[SourceQuality "1"]

1. e4 c5 2. Nc3 Nc6 3. g3 g6 4. Bg2 Bg7 5. d3 d6 6. Be3 Nf6 7. h3 O-O 8. Nge2 Rb8 9. f4 Qc7 10. g4 b5 11. Ng3 b4 12. Nce2 Nd7 13. Qc1 Ba6 14. O-O Nd4 15. f5 Nxe2+ 16. Nxe2 c4 17. Nf4 cxd3 18. cxd3 Qxc1 19. Raxc1 Bxb2 20. Rc7 Rb7 21. Rxb7 Bxb7 22. Rf2 Be5 23. Bxa7 Bxf4 24. Rxf4 Ra8 25. Bd4 Rxa2 26. Rf1 Nc5 27. Rb1 Nxd3 28. Bf1 Bxe4 29. Bxd3 Bxd3 30. Rxb4 f6 31. Rb8+ Kf7 32. Rh8 gxf5 33. Rxh7+ Ke6 34. Rg7 fxg4 35. hxg4 Kd5 36. Bb6 e5 37. Bd8 f5 38. g5 f4 39. Rf7 Ke4 40. g6 Kf3 41. g7 Rg2+ 42. Kh1 Rg6 43. Bc7 Kf2 44. g8=N Rxg8 45. Bxd6 Rh8+ 0-1

[Event "FISU World University-ch 2020"]
[Site "Online"]
[Date "2020.10.26"]
[Round "9.6"]
[White "Tello Chavez, Isaac Valent"]
[Black "Ivannikau, Maksim"]
[Result "1/2-1/2"]
[WhiteElo "2275"]
[BlackElo "2224"]
[Annotator "NA"]
[PlyCount "84"]
[EventDate "2020.10.26"]
[SourceTitle "playchess.com"]
[Source "ChessBase"]
[SourceQuality "1"]

1. c4 Nf6 2. g3 g6 3. Bg2 Bg7 4. Nc3 O-O 5. e4 c5 6. d3 Nc6 7. Nge2 Ne8 8. Be3 Nd4 9. h4 h5 10. g4 Nf6 11. Nxd4 cxd4 12. Bxd4 Nxg4 13. Bxg7 Kxg7 14. Qd2 d6 15. O-O-O e5 16. d4 Be6 17. f3 Nf6 18. d5 Bd7 19. Kb1 a6 20. f4 Ng4 21. Bh3 exf4 22. Qxf4 Qf6 23. Qxf6+ Kxf6 24. Bxg4 hxg4 25. Kc2 Rh8 26. Rdf1+ Ke7 27. Kd3 b5 28. b3 Rac8 29. Kd4 f6 30. Ne2 bxc4 31. bxc4 f5 32. Nf4 Kf6 33. exf5 gxf5 34. Nd3 Rce8 35. Rf4 Re2 36. a3 Rhe8 37. h5 g3 38. h6 g2 39. Rg1 Rd2 40. h7 Kg7 41. Rf2 Rxf2 42. Nxf2 Kxh7 1/2-1/2

[Event "FISU World University-ch 2020"]
[Site "Online"]
[Date "2020.10.26"]
[Round "9.6"]
[White "Ilyuchyk, Yana"]
[Black "Real Pereyra, Diana Carime"]
[Result "1-0"]
[WhiteElo "2119"]
[BlackElo "2042"]
[Annotator "NA"]
[PlyCount "43"]
[EventDate "2020.10.26"]
[SourceTitle "playchess.com"]
[Source "ChessBase"]
[SourceQuality "1"]

1. e4 c5 2. Nf3 d6 3. d4 cxd4 4. Nxd4 Nf6 5. Nc3 Nc6 6. Bg5 Bd7 7. Qd2 Rc8 8. Nxc6 Bxc6 9. f3 Qa5 10. O-O-O h6 11. Be3 g5 12. Kb1 Bg7 13. Bd4 b5 14. Nxb5 Qxd2 15. Rxd2 Rb8 16. Nc7+ Kf8 17. Nd5 Nxd5 18. exd5 Bxd4 19. Rxd4 Bd7 20. Bd3 Kg7 21. Re1 Rhe8 22. c3 1-0

[Event "FISU World University-ch 2020"]
[Site "Online"]
[Date "2020.10.26"]
[Round "9.7"]
[White "Bakhmatsky, Vladislav"]
[Black "Molenda, Marcin"]
[Result "0-1"]
[WhiteElo "2438"]
[BlackElo "2349"]
[Annotator "TA"]
[PlyCount "190"]
[EventDate "2020.10.26"]
[SourceTitle "playchess.com"]
[Source "ChessBase"]
[SourceQuality "1"]

1. e4 c5 2. Nf3 e6 3. d4 cxd4 4. Nxd4 Nc6 5. Nc3 Qc7 6. Be3 a6 7. a3 b5 8. Nxc6 dxc6 9. Bd3 Nf6 10. a4 Bb7 11. O-O Rd8 12. Qe2 Bd6 13. f4 e5 14. f5 h5 15. h3 Be7 16. Qf2 Rc8 17. Ne2 Kf8 18. Bc5 Bxc5 19. Qxc5+ Qe7 20. Qb6 Qc7 21. Qc5+ Qe7 22. Qb6 Kg8 23. Nc1 h4 24. Nb3 c5 25. Na5 Bxe4 26. Qxa6 Re8 27. Qxb5 Ba8 28. Rae1 Rh5 29. Nc4 Rg5 30. Ne3 Qd6 31. Qc4 Qd4 32. Qxd4 cxd4 33. Ng4 Nxg4 34. hxg4 Rxg4 35. Rf2 e4 36. Rfe2 e3 37. Kh2 Rd8 38. b4 Rd6 39. b5 h3 40. gxh3 Rh6 41. Rg1 Rxg1 42. Kxg1 Rxh3 43. Rh2 Rg3+ 44. Kf1 Rf3+ 45. Ke1 Rg3 46. a5 Rg1+ 47. Bf1 Bd5 48. a6 Bc4 49. Re2 Bxb5 50. a7 Bc6 51. c3 dxc3 52. Rxe3 c2 53. Rc3 Bg2 54. Kf2 Rxf1+ 55. Kxg2 Ra1 56. Rxc2 Rxa7 57. Kg3 Kh7 58. Rh2+ Kg8 59. Rb2 Kf8 60. Rb6 Ke7 61. f6+ gxf6 62. Kf4 Ra5 63. Rc6 Rd5 64. Ra6 Rd6 65. Ra8 Rb6 66. Kf5 Rb5+ 67. Kf4 Rc5 68. Ra6 Rc1 69. Kf5 Rf1+ 70. Ke4 Kf8 71. Ra2 Rg1 72. Ra5 Kg7 73. Kf4 Kg6 74. Ra6 Rf1+ 75. Kg4 Re1 76. Kf4 Rf1+ 77. Kg4 Rb1 78. Ra5 f5+ 79. Kf4 Rb4+ 80. Kf3 Kg5 81. Ra7 Rb3+ 82. Kf2 f6 83. Ra4 Rc3 84. Rb4 Rh3 85. Ra4 Rh4 86. Ra8 Kg4 87. Ra6 Rh2+ 88. Kg1 Rh6 89. Kg2 f4 90. Ra4 Rh8 91. Ra3 f3+ 92. Kf2 Rh2+ 93. Kg1 Kg3 94. Rb3 Ra2 95. Rb1 Rg2+ 0-1

[Event "FISU World University-ch 2020"]
[Site "Online"]
[Date "2020.10.26"]
[Round "9.7"]
[White "Eggink, Ryszard"]
[Black "Osmak, Iulija"]
[Result "0-1"]
[WhiteElo "2387"]
[BlackElo "2438"]
[Annotator "NA"]
[PlyCount "54"]
[EventDate "2020.10.26"]
[SourceTitle "playchess.com"]
[Source "ChessBase"]
[SourceQuality "1"]

1. d4 Nf6 2. c4 e6 3. Nc3 Bb4 4. f3 d5 5. a3 Be7 6. e3 O-O 7. cxd5 exd5 8. Bd3 c5 9. Nge2 Nc6 10. O-O Re8 11. Re1 b6 12. b3 Be6 13. Bb2 cxd4 14. exd4 Bd6 15. Rc1 Ne7 16. Nb5 Bb8 17. Qd2 a6 18. Nbc3 Qd6 19. g3 Ng6 20. a4 Bc7 21. Ra1 Qd7 22. Ba3 Bf5 23. Kg2 h5 24. Rac1 h4 25. Nd1 Bxd3 26. Qxd3 hxg3 27. hxg3 Nh5 0-1

[Event "FISU World University-ch 2020"]
[Site "Online"]
[Date "2020.10.26"]
[Round "9.7"]
[White "Lewicki, Miroslaw"]
[Black "Roshka, Yevgeniy"]
[Result "0-1"]
[WhiteElo "2348"]
[BlackElo "2476"]
[Annotator "ChessBase"]
[PlyCount "82"]
[EventDate "2020.10.26"]
[SourceTitle "playchess.com"]
[Source "ChessBase"]
[SourceQuality "1"]

1. e4 e6 2. d4 d5 3. Nd2 c5 4. exd5 Qxd5 5. Ngf3 cxd4 6. Bc4 Qd7 7. O-O Nc6 8. Nb3 a6 9. Nbxd4 Nxd4 10. Qxd4 Qxd4 11. Nxd4 b5 12. Be2 Bb7 13. Rd1 Nf6 14. Bg5 Bc5 15. c3 h6 16. Bxf6 gxf6 17. Bf3 O-O-O 18. Bxb7+ Kxb7 19. Nb3 Bb6 20. Kf1 Rhg8 21. g3 a5 22. Ke2 a4 23. Nd2 Rg5 24. Ne4 Rxd1 25. Rxd1 Re5 26. Kf3 Kc6 27. Rd6+ Kc7 28. Rd2 Bc5 29. Nxc5 Rxc5 30. a3 Rf5+ 31. Kg4 Rg5+ 32. Kh4 Kc6 33. f4 Rd5 34. Re2 Kc5 35. h3 Kc4 36. Re4+ Kd3 37. Rb4 e5 38. fxe5 fxe5 39. Kg4 e4 40. Kf4 e3 41. Re4 e2 0-1

[Event "FISU World University-ch 2020"]
[Site "Online"]
[Date "2020.10.26"]
[Round "9.7"]
[White "Martynkova, Olena"]
[Black "Kubicka, Anna"]
[Result "1-0"]
[WhiteElo "2222"]
[BlackElo "2252"]
[Annotator "NA"]
[PlyCount "97"]
[EventDate "2020.10.26"]
[SourceTitle "playchess.com"]
[Source "ChessBase"]
[SourceQuality "1"]

1. d4 g6 2. Nf3 Bg7 3. g3 d6 4. Bg2 Nc6 5. O-O e5 6. dxe5 Nxe5 7. Nxe5 Bxe5 8. Nc3 Ne7 9. Bh6 Nf5 10. Bd2 O-O 11. e4 Ne7 12. Bh6 Bg7 13. Bxg7 Kxg7 14. f4 Be6 15. f5 gxf5 16. exf5 Bxf5 17. Rxf5 Nxf5 18. Qg4+ Kh8 19. Qxf5 f6 20. Bxb7 Rb8 21. Be4 Rf7 22. b3 c6 23. Bd3 d5 24. Ne2 Qb6+ 25. Qf2 Qa5 26. Nd4 Re8 27. Nf5 Qc3 28. Rf1 Qe5 29. Nh6 Rff8 30. Qxa7 Re7 31. Qf2 Qh5 32. Nf5 Re5 33. a4 Rg8 34. a5 Qh3 35. Nd4 Rf8 36. Nxc6 Rg5 37. Nd4 Rf7 38. Nf5 h5 39. Qg2 Qg4 40. Nh6 Qd4+ 41. Qf2 Qxf2+ 42. Rxf2 Ra7 43. b4 Re5 44. a6 h4 45. b5 hxg3 46. hxg3 Rg7 47. Nf5 Rg4 48. Rh2+ Kg8 49. Nh6+ 1-0

[Event "FISU World University-ch 2020"]
[Site "Online"]
[Date "2020.10.26"]
[Round "9.8"]
[White "Akhmetov, Ayan"]
[Black "Dai, Changren"]
[Result "0-1"]
[WhiteElo "2438"]
[BlackElo "2503"]
[Annotator "TA"]
[PlyCount "62"]
[EventDate "2020.10.26"]
[SourceTitle "playchess.com"]
[Source "ChessBase"]
[SourceQuality "1"]

1. e4 e5 2. Nf3 Nc6 3. d4 exd4 4. Nxd4 Nf6 5. Nxc6 bxc6 6. Qe2 Qe7 7. e5 Nd5 8. c4 Ba6 9. Nd2 g6 10. Nf3 Qb4+ 11. Nd2 Bg7 12. Qe4 Nb6 13. a3 Qc5 14. f4 O-O 15. b4 Qe7 16. Bd3 d5 17. Qe2 dxc4 18. Nxc4 Bxc4 19. Bxc4 Nxc4 20. Qxc4 Bxe5 21. Ra2 Bxf4+ 22. Re2 Qh4+ 23. Kf1 Rad8 24. Re1 Rfe8 25. Rxe8+ Rxe8 26. Bd2 Qh5 27. Qxf4 Qd1+ 28. Kf2 Qxh1 29. Qf6 Qd1 30. Bc3 Qc2+ 31. Kg1 Qb1+ 0-1

[Event "FISU World University-ch 2020"]
[Site "Online"]
[Date "2020.10.26"]
[Round "9.8"]
[White "Rakhimzhan, Alen"]
[Black "Hu, Yu A."]
[Result "1/2-1/2"]
[WhiteElo "2273"]
[BlackElo "2094"]
[Annotator "ChessBase"]
[PlyCount "162"]
[EventDate "2020.10.26"]
[SourceTitle "playchess.com"]
[Source "ChessBase"]
[SourceQuality "1"]

1. d4 Nf6 2. c4 e6 3. Nc3 Bb4 4. g3 O-O 5. Bg2 d5 6. Nf3 dxc4 7. O-O c5 8. dxc5 Qxd1 9. Rxd1 Bxc5 10. Ne5 Nbd7 11. Nxc4 Nb6 12. Na5 Nbd5 13. Nxd5 Nxd5 14. Nb3 Bb6 15. e4 Nf6 16. Bf4 Ng4 17. Rf1 e5 18. Bd2 Be6 19. h3 Nf6 20. Bc3 Nd7 21. Rad1 Rfe8 22. Rd2 Nc5 23. Nxc5 Bxc5 24. Kh2 f6 25. h4 Bb6 26. a4 Rad8 27. Rxd8 Rxd8 28. a5 Bd4 29. Rd1 Bb6 30. Bh3 Kf7 31. Rf1 Bd4 32. Rd1 Bb6 33. Rf1 Bd4 34. Bxe6+ Kxe6 35. Kg2 Rc8 36. Bxd4 exd4 37. f4 Rc2+ 38. Kf3 Rxb2 39. Rc1 Rb3+ 40. Kf2 Kd7 41. Rc5 Rb2+ 42. Kf3 Rb3+ 43. Kf2 Rb2+ 44. Kf3 Rb3+ 45. Kg4 d3 46. h5 Rb4 47. Rd5+ Ke7 48. Rxd3 Rxe4 49. Rb3 Kf7 50. Rxb7+ Re7 51. Rb8 Ke6 52. Rh8 h6 53. Rb8 f5+ 54. Kf3 Rc7 55. Re8+ Kf6 56. Ra8 Ke6 57. Ke3 Rd7 58. a6 Kd5 59. Re8 Rf7 60. Re5+ Kc6 61. Kd4 Rd7+ 62. Kc4 Kb6 63. Rxf5 Kxa6 64. g4 Kb6 65. Rb5+ Kc6 66. Rb8 a5 67. Ra8 Kb6 68. f5 Rc7+ 69. Kd5 Rb7 70. Kc4 Rd7 71. Rb8+ Kc6 72. Rf8 Rb7 73. f6 Rb4+ 74. Kc3 gxf6 75. Rxf6+ Kd5 76. Rg6 Ke5 77. Kd3 Rb3+ 78. Ke2 Kf4 79. Rxh6 Kxg4 80. Ra6 Kxh5 81. Rxa5+ Kg4 1/2-1/2

[Event "FISU World University-ch 2020"]
[Site "Online"]
[Date "2020.10.26"]
[Round "9.8"]
[White "Liu, Manli"]
[Black "Mezentsev, Ivan"]
[Result "1-0"]
[WhiteElo "2192"]
[BlackElo "2354"]
[Annotator "TA"]
[PlyCount "215"]
[EventDate "2020.10.26"]
[SourceTitle "playchess.com"]
[Source "ChessBase"]
[SourceQuality "1"]

1. e4 c5 2. Nf3 Nc6 3. d4 cxd4 4. Nxd4 Nf6 5. Nc3 e5 6. Ndb5 d6 7. Bg5 a6 8. Na3 b5 9. Nd5 Be7 10. Bxf6 Bxf6 11. c3 Bg5 12. Nc2 Rb8 13. Be2 O-O 14. O-O a5 15. b4 axb4 16. Ncxb4 Nxb4 17. cxb4 f5 18. exf5 Bxf5 19. f3 Qd7 20. Bd3 Kh8 21. Kh1 Qe6 22. Be4 Bd8 23. Qd3 Bb6 24. Nxb6 Rxb6 25. Qd5 Qf6 26. Bxf5 Qxf5 27. Rfc1 Qf4 28. a3 h5 29. Rc7 h4 30. Qe6 Qf6 31. Qxf6 Rxf6 32. Rd1 Kh7 33. Kg1 h3 34. Kf2 hxg2 35. Kxg2 Kh6 36. Rd5 Kg6 37. Kg3 Kf5 38. Rxg7 Ke6 39. Rd3 d5 40. h4 d4 41. h5 Kd5 42. Rc7 Rb8 43. Rd1 Rg8+ 44. Kf2 Rgf8 45. Rd3 Rh6 46. Rc5+ Kd6 47. Rxb5 Rxh5 48. Rxd4+ Ke6 49. Re4 Rhf5 50. Re3 Ra8 51. Ke2 Kf6 52. Kd2 Rd8+ 53. Kc2 Re8 54. a4 Kg5 55. Rc5 Kf4 56. Rcc3 Rh5 57. Re4+ Kf5 58. b5 Rh3 59. Rec4 Rb8 60. Rc5 Rh4 61. Kb3 Ra8 62. R5c4 Rh1 63. Re3 Ra1 64. Rce4 Kf6 65. f4 exf4 66. Rxf4+ Kg5 67. Rc4 Kf5 68. Re2 Rb1+ 69. Rb2 Ra1 70. b6 Ke6 71. b7 Rb8 72. Rb4 Kd7 73. Rb5 Kc6 74. Rc2+ Kd7 75. a5 Rb1+ 76. Rb2 Rxb2+ 77. Kxb2 Kc6 78. a6 Kxb5 79. a7 Rxb7 80. a8=Q Rb6 81. Kc3 Rc6+ 82. Kb3 Rb6 83. Kc3 Rc6+ 84. Kd4 Rc4+ 85. Kd5 Rc5+ 86. Kd6 Rc3 87. Qb7+ Kc4 88. Qd5+ Kb4 89. Qd4+ Kb3 90. Kd5 Kc2 91. Qe4+ Kb2 92. Kd4 Rc2 93. Kd3 Rc3+ 94. Kd2 Rb3 95. Qc4 Ka1 96. Qd4+ Kb1 97. Qg1+ Kb2 98. Qc1+ Ka2 99. Qc4 Ka1 100. Kc2 Rb2+ 101. Kd3 Rb3+ 102. Kd4 Rb2 103. Qa4+ Ra2 104. Qd1+ Kb2 105. Kc4 Ra3 106. Kb4 Rh3 107. Qe2+ Ka1 108. Qf1+ 1-0

[Event "FISU World University-ch 2020"]
[Site "Online"]
[Date "2020.10.26"]
[Round "9.8"]
[White "Pang Bo"]
[Black "Muratova, Anel"]
[Result "1-0"]
[WhiteElo "1429"]
[BlackElo "1753"]
[Annotator "NA"]
[PlyCount "91"]
[EventDate "2020.10.26"]
[SourceTitle "playchess.com"]
[Source "ChessBase"]
[SourceQuality "1"]

1. e4 c5 2. Nf3 d6 3. d4 cxd4 4. Nxd4 Nf6 5. Nc3 g6 6. Be3 Bg7 7. f3 O-O 8. Qd2 Nc6 9. O-O-O d5 10. Nxc6 bxc6 11. Bh6 Be6 12. Bxg7 Kxg7 13. Qe3 Qa5 14. e5 Nd7 15. Kb1 Rab8 16. b3 Nb6 17. f4 Rfd8 18. Ka1 c5 19. Qd2 c4 20. Ne2 Qc5 21. Qd4 Qa5 22. Qc3 Qa3 23. Qb2 Qc5 24. Qd4 Qc7 25. Ng3 f5 26. exf6+ exf6 27. Be2 Bf7 28. Bf3 a5 29. Rhe1 a4 30. b4 Re8 31. a3 c3 32. Rxe8 Rxe8 33. Ne2 Rc8 34. Rd3 Qe7 35. Qxb6 Rc4 36. Rxc3 Rxc3 37. Nxc3 Qe1+ 38. Kb2 Qd2 39. Bxd5 Bxd5 40. Qd8 Qxf4 41. Qxd5 Qxh2 42. b5 Qc7 43. Nxa4 Qa5 44. Qd7+ Kh6 45. b6 Qe5+ 46. Nc3 1-0

[Event "FISU World University-ch 2020"]
[Site "Online"]
[Date "2020.10.26"]
[Round "9.9"]
[White "Yeoh, Li Tian"]
[Black "Tomaszewski, Kacper"]
[Result "0-1"]
[WhiteElo "2523"]
[BlackElo "2320"]
[Annotator "RC"]
[PlyCount "84"]
[EventDate "2020.10.26"]
[SourceTitle "playchess.com"]
[Source "ChessBase"]
[SourceQuality "1"]

1. Nf3 Nf6 2. g3 g6 3. Bg2 Bg7 4. O-O O-O 5. c4 d5 6. d4 c5 7. cxd5 Nxd5 8. Nc3 cxd4 9. Nxd4 Nxc3 10. bxc3 Nd7 11. Ba3 Nb6 12. Qb3 Bd7 13. Rac1 Rb8 14. e3 Re8 15. c4 Na8 16. Rfd1 Qa5 17. Bb4 Qa6 18. Nb5 Bc6 19. Bf1 b6 20. Rd2 Qb7 21. Qa3 a6 22. Nd4 Be4 23. f3 a5 24. Bc3 Bxf3 25. Nxf3 Qxf3 26. Bxg7 Kxg7 27. Bg2 Qg4 28. Rd4 Qg5 29. Rd5 Qg4 30. c5 bxc5 31. Qxa5 Nb6 32. Rdxc5 Nd7 33. Rc7 Nf6 34. Qe5 Qe2 35. R7c2 Qd3 36. a4 Red8 37. a5 Rb5 38. Qa1 Qxe3+ 39. Kh1 Rh5 40. Rc3 Qe2 41. a6 Rd2 42. Rg1 Rxh2+ 0-1

[Event "FISU World University-ch 2020"]
[Site "Online"]
[Date "2020.10.26"]
[Round "9.9"]
[White "Walter, Szymon"]
[Black "Tan, Li Ting"]
[Result "1-0"]
[WhiteElo "2276"]
[BlackElo "2087"]
[Annotator "NA"]
[PlyCount "121"]
[EventDate "2020.10.26"]
[SourceTitle "playchess.com"]
[Source "ChessBase"]
[SourceQuality "1"]

1. e4 e5 2. Nf3 Nc6 3. Bb5 a6 4. Ba4 Nf6 5. O-O Be7 6. Re1 b5 7. Bb3 d6 8. c3 O-O 9. d4 Bg4 10. Be3 exd4 11. cxd4 Na5 12. Bc2 Nc4 13. Bc1 c5 14. b3 Nb6 15. Nbd2 cxd4 16. Bb2 Nfd7 17. Qb1 Ne5 18. Nxd4 Bd7 19. Nf1 Rc8 20. Ne3 g6 21. Qd1 Bf6 22. Qd2 Bg7 23. f4 Ng4 24. Nxg4 Bxg4 25. Bd1 Qd7 26. h3 Bxd1 27. Raxd1 Rfe8 28. Nf3 Bxb2 29. Qxb2 Qc6 30. Qd4 Rcd8 31. Kh2 Nc8 32. Qf6 Qc7 33. Qh4 Qe7 34. Ng5 f6 35. Nf3 Qf7 36. Nd4 Ne7 37. f5 g5 38. Qg3 d5 39. e5 fxe5 40. Rxe5 Kh8 41. Rde1 Ng8 42. Ne6 Rc8 43. Nxg5 Qh5 44. Rxe8 Rxe8 45. Qc3+ Nf6 46. Qxf6+ Kg8 47. Rxe8+ Qxe8 48. Qe6+ Qxe6 49. Nxe6 Kf7 50. Kg3 Kf6 51. Kf4 a5 52. g4 h6 53. h4 a4 54. g5+ hxg5+ 55. hxg5+ Ke7 56. bxa4 bxa4 57. Ke5 d4 58. Nxd4 Kf7 59. g6+ Ke7 60. f6+ Kf8 61. Ne6+ 1-0

[Event "FISU World University-ch 2020"]
[Site "Online"]
[Date "2020.10.26"]
[Round "9.9"]
[White "Azhar, Puteri Munajjah Az-Z"]
[Black "Dzierzak, Radoslaw"]
[Result "0-1"]
[WhiteElo "2046"]
[BlackElo "2252"]
[Annotator "NA"]
[PlyCount "80"]
[EventDate "2020.10.26"]
[SourceTitle "playchess.com"]
[Source "ChessBase"]
[SourceQuality "1"]

1. Nf3 Nf6 2. g3 e6 3. Bg2 d5 4. O-O c5 5. d3 Nc6 6. Nbd2 Be7 7. Re1 Qc7 8. e4 dxe4 9. dxe4 e5 10. c3 Be6 11. Qc2 O-O 12. Nf1 h6 13. Nh4 Rfd8 14. b3 c4 15. Ne3 cxb3 16. axb3 Rac8 17. Qa2 a6 18. Ba3 Bxa3 19. Qxa3 Rd3 20. Rec1 Qb6 21. Rab1 Rxe3 22. fxe3 Qxe3+ 23. Kh1 Ng4 24. Rc2 Nf2+ 25. Rxf2 Qxf2 26. Rf1 Qc2 27. b4 Rd8 28. Qc1 Rd2 29. Rg1 Bg4 30. Qa1 g5 31. Nf5 Bf3 32. Ne3 Qxe4 33. Bxf3 Qxf3+ 34. Ng2 e4 35. Qe1 Re2 36. Qa1 Ne5 37. Qa4 Ng4 38. Qe8+ Kh7 39. h3 Rxg2 40. Rxg2 Qf1+ 0-1

[Event "FISU World University-ch 2020"]
[Site "Online"]
[Date "2020.10.26"]
[Round "9.9"]
[White "Cieslak, Wiktoria"]
[Black "Mohd Saprin, Amir Ghaazi"]
[Result "1-0"]
[WhiteElo "2010"]
[BlackElo "1951"]
[Annotator "NA"]
[PlyCount "141"]
[EventDate "2020.10.26"]
[SourceTitle "playchess.com"]
[Source "ChessBase"]
[SourceQuality "1"]

1. e4 e5 2. Nf3 Nc6 3. d4 exd4 4. Nxd4 Nf6 5. Nxc6 bxc6 6. e5 Qe7 7. Qe2 Nd5 8. b3 g6 9. g3 Bg7 10. Bb2 d6 11. c4 Ba6 12. Bg2 O-O 13. O-O Rfe8 14. Qd2 Bxe5 15. Re1 Qf6 16. Bxe5 Rxe5 17. Na3 Rxe1+ 18. Rxe1 Ne7 19. Qa5 Bc8 20. Qxc7 Be6 21. Qxd6 Rc8 22. Qd2 Nf5 23. Rd1 c5 24. Nb5 a6 25. Nc3 Nd4 26. Ne4 Nf3+ 27. Bxf3 Qxf3 28. Ng5 Qf6 29. Nxe6 Qxe6 30. Qd6 Qe2 31. Qd2 Qf3 32. Re1 Qf6 33. Qd5 Qb2 34. Re7 Rf8 35. Qxc5 Qxa2 36. Qe3 Qc2 37. Ra7 Qd1+ 38. Kg2 Qd6 39. h3 Rb8 40. Qf3 Rf8 41. Rb7 Kg7 42. b4 Qf6 43. Qe4 Rc8 44. c5 a5 45. Rb6 Qc3 46. Qb7 Re8 47. c6 Re2 48. c7 Rc2 49. bxa5 Qxa5 50. c8=Q Rxc8 51. Rxg6+ hxg6 52. Qxc8 Qd5+ 53. Kh2 Qf3 54. Qc5 Qf6 55. Qe3 Qb2 56. h4 Qf6 57. Kh3 Qf5+ 58. g4 Qd5 59. f3 Qd1 60. Kg3 Qd6+ 61. f4 Qd1 62. f5 Qd6+ 63. Kh3 gxf5 64. gxf5 Qd5 65. Qg5+ Kf8 66. Qh6+ Ke7 67. Qe3+ Kf6 68. Qg5+ Ke5 69. f6+ Ke6 70. Qxd5+ Kxd5 71. Kg4 1-0